ბათუმის შოთა რუსთაველის სახელმწიფო უნივერსიტეტის ბიბლიოთეკა

Международное воздушное право : (ბიბ.ჩანაწერი № 58836)

000 -LEADER
fixed length control field 00780nam a22001817a 4500
005 - DATE AND TIME OF LATEST TRANSACTION
control field 20221006122416.0
008 - FIXED-LENGTH DATA ELEMENTS--GENERAL INFORMATION
fixed length control field 221006s2018 rus||||| |||| 00| 0 ru d
020 ## - INTERNATIONAL STANDARD BOOK NUMBER
International Standard Book Number 9785534056433
041 ## - LANGUAGE CODE
Language code of text/sound track or separate title ru
080 ## - UNIVERSAL DECIMAL CLASSIFICATION NUMBER
Universal Decimal Classification number 341.226 М-43
245 ## - TITLE STATEMENT
Title Международное воздушное право :
Remainder of title Учебник для бакалавриата и магистратуры /
Statement of responsibility, etc. Под ред. А.И. Травникова, А. Х. Абашидзе.
264 ## - PRODUCTION, PUBLICATION, DISTRIBUTION, MANUFACTURE, AND COPYRIGHT NOTICE
Place of production, publication, distribution, manufacture Москва:
Name of producer, publisher, distributor, manufacturer Юрайт,
Date of production, publication, distribution, manufacture, or copyright notice 2018.
300 ## - PHYSICAL DESCRIPTION
Extent 444 стр. ;
Other physical details 24 см.
653 ## - INDEX TERM--UNCONTROLLED
keyword საჰაერო სამართალი
700 ## - ADDED ENTRY--PERSONAL NAME
Personal name Травникова, А.И.
Relator term რედაქტორი
9 (RLIN) 15086
700 ## - ADDED ENTRY--PERSONAL NAME
Personal name Абашидзе, А. Х.
Relator term რედაქტორი
9 (RLIN) 15087
942 ## - ADDED ENTRY ELEMENTS (KOHA)
Source of classification or shelving scheme
Koha item type წიგნი
ეგზემპლარები
Withdrawn status Lost status Source of classification or shelving scheme Damaged status Not for loan Permanent Location Current Location Shelving location Date acquired Cost, normal purchase price Full call number Barcode Date last seen Copy number Price effective from Koha item type Public note
          ბათუმის შოთა რუსთაველის სახელმწიფო უნივერსიტეტის მთავარი ბიბლიოთეკა ბათუმის შოთა რუსთაველის სახელმწიფო უნივერსიტეტის მთავარი ბიბლიოთეკა წიგნსაცავი 2022-10-06 12.00 341.226 М-43 28617 2022-10-06 28617 2022-10-06 წიგნი 12 ლ.
          ბათუმის შოთა რუსთაველის სახელმწიფო უნივერსიტეტის მთავარი ბიბლიოთეკა ბათუმის შოთა რუსთაველის სახელმწიფო უნივერსიტეტის მთავარი ბიბლიოთეკა წიგნსაცავი 2022-10-06 12.00 341.226 М-43 28616 2022-10-06 28616 2022-10-06 წიგნი 12 ლ.